Making meetings work

Bibliographic Details
Main Author: BARKER
Format: Book
Published: Petaling Jaya, Selangor : Pelanduk Pub. , 1994
Subjects:

MARC

LEADER 00000cam a2200000 7i4500
001 0000000836
005 20001014.0
020 0 0 |a 9679784827 
090 0 0 |a 658.456   |b BAR 1994 
100 1 0 |a BARKER   |h Alan 
245 1 0 |a Making meetings work   |c Alan Barker 
260 0 0 |a Petaling Jaya, Selangor :   |b Pelanduk Pub. ,   |c 1994 
300 |a 101 p. :   |b ill. ;   |c 22 cm. 
500 0 0 |a Bibliography: [p.100-101] 
650 0 0 |a Communication in management 
650 0 0 |a Meetings 
999 |a 0000001846   |b Monograph   |c Open Shelf   |e Default branch